| 000 | 01483cam a2200217 4500 | ||
|---|---|---|---|
| 001 | ABS65364 | ||
| 008 | 020507n2002 000 0 eng u | ||
| 035 | _a(Sirsi) u117849 | ||
| 100 | _aBrewer, G | ||
| 245 | _aGeoff Brewer of Brewer Consulting considers the question of jurisdiction in adjudication | ||
| 260 | _c2002 | ||
| 490 |
_aContract Journal _v413(6373) 17 April 2002, 22(1) |
||
| 520 | _aReferring to "Chamberlain Carpentry and Joinery Limited v Alfred McAlpine Construction Limited", examines issue of setting adjudicators jurisdiction by reference to notice of adjudication. Claimant(C) was awarded costs after dispute with defendant (A), and although A appealed, appeal was found groundless as notice of intention to adjudicate was found to be sufficiently clear that adjudicator had power to order payment from one party to other, not just power to make declaratory decision as to amounts owing. Concludes that notice to adjudicate is important document to support adjudication process. | ||
| 590 | _aABS | ||
| 650 | _aMANAGEMENT-DISPUTE AVOIDANCE, MANAGEMENT AND RESOLUTION-DISPUTE MANAGEMENT AND RESOLUTION-ALTERNATIVE DISPUTE RESOLUTION-ADJUDICATION | ||
| 650 | _aJURISDICTION | ||
| 650 | _aCHAMBERLAIN CARPENTRY AND JOINERY V ALFRED MCALPINE CONSTRUCTION | ||
| 650 | _aINVESTORS COMPENSATION SCHEME LTD V WEST BROMWICH BUILDING SOCIETY | ||
| 690 | _aMANGEMENT-DISPUTE AVOIDANCE, MANAGEMENT AND RESOLUTION-DISPUTE MANAGEMENT AND RESOLUTION | ||
| 942 | _n0 | ||
| 999 |
_c70176 _d70176 |
||